[Event "Reykjavik Open 2013"]
[Site "Reykjavik ISL"]
[Date "2013.02.21"]
[Round "4.45"]
[White "Helin, Mikael"]
[Black "Kashlinskaya, Alina"]
[Result "1-0"]
[BlackTitle "WGM"]
[WhiteElo "1910"]
[BlackElo "2350"]
[WhiteFideId "1703838"]
[BlackFideId "4198026"]
[EventDate "2013.02.19"]

1. e4 e6 2. Nf3 d5 3. e5 Ne7 4. a3 a5 5. a4 d4 6. c3 c5 7. Na3 Nbc6 8. Nb5 Ng6
9. Qe2 Be7 10. h4 f6 11. exf6 Bxf6 12. Ng5 Be5 13. Qh5 dxc3 14. dxc3 Qd5 15. Rh3
Ne7 16. Rd3 Qc6 17. Re3 Bf4 18. Rd3 Be5 19. Be3 h6 20. Rad1 O-O 21. Nf3 Bf4 22.
Rd8 Bxe3 23. Rxf8+ Nxf8 24. Ne5 Bd2+ 25. Rxd2 Qe4+ 26. Qe2 Qxh4 27. b3 Nd5 28.
g4 b6 29. Qf3 Qf6 30. Qxf6 gxf6 31. Nc4 Bd7 32. Bg2 Bxb5 33. axb5 Re8 34. Nd6
Re7 35. c4 Nf4 36. Bc6 Rg7 37. f3 e5 38. Nf5 Rh7 39. Be4 N8e6 40. Rd6 h5 41. Ng3
Ra7 42. Nxh5 a4 43. bxa4 Rxa4 44. Nxf6+ Kf7 45. Nd5 Ra1+ 46. Kd2 Ra2+ 47. Kd1
Ra1+ 48. Kc2 Nd4+ 49. Kb2 Ra4 50. Nxf4 exf4 51. Rxb6 Rb4+ 52. Ka2 Ne2 53. Bc2
Kf8 54. g5 Rxc4 55. Rf6+ Kg7 56. Be4 Rb4 57. b6 Nc3+ 58. Ka3 Nb5+ 59. Ka2 Nc3+
60. Ka3 Nb5+ 61. Ka2 Nc3+ 62. Ka1 Nxe4 63. Rxf4 Nd6 64. Rxb4 cxb4 65. Kb2 Kg6
66. f4 Kf5 67. Kb3 Nb7 68. Kxb4 1-0

[Event "Reykjavik Open 2013"]
[Site "Reykjavik ISL"]
[Date "2013.02.21"]
[Round "4.46"]
[White "Sokolov, Ivan"]
[Black "Jonsson, Olafur Gisli"]
[Result "1-0"]
[WhiteTitle "GM"]
[WhiteElo "2644"]
[BlackElo "1870"]
[WhiteFideId "14400030"]
[BlackFideId "2302705"]
[EventDate "2013.02.19"]

1. d4 Nf6 2. c4 e6 3. Nc3 d5 4. cxd5 exd5 5. Bg5 Be7 6. e3 c6 7. Bd3 Nbd7 8.
Nge2 O-O 9. Ng3 Re8 10. Nf5 Bf8 11. Qf3 Qa5 12. O-O b6 13. a3 b5 14. e4 dxe4 15.
Nxe4 Re6 16. Bxf6 Nxf6 17. Nh6+ gxh6 18. Nxf6+ Rxf6 19. Qxf6 Be6 20. Qf3 Bd5 21.
Qf5 Bg7 22. Qxh7+ Kf8 23. Be4 Rd8 24. Bxd5 Rxd5 25. Rad1 1-0

[Event "Reykjavik Open 2013"]
[Site "Reykjavik ISL"]
[Date "2013.02.21"]
[Round "4.47"]
[White "Isaksson, Per"]
[Black "Thorfinnsson, Bjorn"]
[Result "0-1"]
[BlackTitle "IM"]
[WhiteElo "2016"]
[BlackElo "2386"]
[WhiteFideId "1707035"]
[BlackFideId "2300982"]
[EventDate "2013.02.19"]

1. d4 Nf6 2. c4 c5 3. d5 b5 4. cxb5 a6 5. bxa6 d6 6. Nc3 Bxa6 7. Nf3 g6 8. e4
Bxf1 9. Kxf1 Bg7 10. g3 O-O 11. Kg2 Nbd7 12. a4 Qb6 13. Qc2 Qb4 14. Bd2 Rfb8 15.
Rab1 Qb3 16. Rhc1 Qxc2 17. Rxc2 Rb4 18. Re1 Ne8 19. e5 Nxe5 20. Nxe5 Bxe5 21. f4
Bf6 22. Ne4 Rbxa4 23. Nxf6+ Nxf6 24. Rxe7 Nxd5 25. Rd7 R4a6 26. f5 Nf6 27. Rb7
gxf5 28. Bf4 Ne4 29. Rd7 R6a7 0-1

[Event "Reykjavik Open 2013"]
[Site "Reykjavik ISL"]
[Date "2013.02.21"]
[Round "4.48"]
[White "Arngrimsson, Dagur"]
[Black "Knutsson, Larus"]
[Result "1-0"]
[WhiteTitle "IM"]
[WhiteElo "2375"]
[BlackElo "2072"]
[WhiteFideId "2301288"]
[BlackFideId "2806231"]
[EventDate "2013.02.19"]

1. d4 b5 2. g3 Bb7 3. Nf3 e6 4. Bg2 c5 5. O-O Qb6 6. Be3 d5 7. a4 Nd7 8. axb5
Qxb5 9. Nc3 Qc6 10. dxc5 Bxc5 11. Nd4 Qc8 12. Ndb5 Ngf6 13. Na4 Ke7 14. Nxc5
Nxc5 15. Qd4 Nce4 16. Qb4+ Ke8 17. Bxe4 Nxe4 18. Bf4 a5 19. Qa3 Qc6 20. Nc7+ Kd7
21. Nxa8 Rxa8 22. f3 Nc5 23. Rfd1 Ke8 24. Qc3 f6 25. Be3 Na4 26. Qxc6+ Bxc6 27.
Bd4 Kd7 28. b3 e5 29. bxa4 exd4 30. Rxd4 Ke6 31. Rb1 Ra6 32. Kf2 Kd6 33. e3 Kc5
34. Rb3 Ra8 35. Rc3+ Kb6 36. e4 dxe4 37. fxe4 Kb7 38. Rdc4 Ra6 39. Ke3 Kc7 40.
Kd4 Kd6 41. Rxc6+ 1-0

[Event "Reykjavik Open 2013"]
[Site "Reykjavik ISL"]
[Date "2013.02.21"]
[Round "4.49"]
[White "Mammadova, Gulnar"]
[Black "Thorsteinsdottir, Gudlaug"]
[Result "1-0"]
[WhiteTitle "WGM"]
[BlackTitle "WF"]
[WhiteElo "2369"]
[BlackElo "2041"]
[WhiteFideId "13403508"]
[BlackFideId "2300753"]
[EventDate "2013.02.19"]

1. e4 d5 2. exd5 Qxd5 3. Nc3 Qa5 4. d4 Nf6 5. Nf3 c6 6. Bc4 Bf5 7. Ne5 e6 8. g4
Bg6 9. a4 Ne4 10. Qf3 Bb4 11. h4 f6 12. Nxg6 Bxc3+ 13. Kf1 hxg6 14. Qxe4 Bb4 15.
Qxg6+ Kf8 16. Bxe6 1-0

[Event "Reykjavik Open 2013"]
[Site "Reykjavik ISL"]
[Date "2013.02.21"]
[Round "4.50"]
[White "Ragnarsson, Johann"]
[Black "L'Ami, Alina"]
[Result "0-1"]
[BlackTitle "WGM"]
[WhiteElo "2046"]
[BlackElo "2362"]
[WhiteFideId "2301040"]
[BlackFideId "1210246"]
[EventDate "2013.02.19"]

1. d4 Nf6 2. c4 g6 3. Nc3 Bg7 4. e4 d6 5. f3 O-O 6. Bg5 Nc6 7. Nge2 a6 8. Qd2
Rb8 9. Rb1 Re8 10. h4 h5 11. Ng3 Nh7 12. Be3 e5 13. d5 Nd4 14. Nge2 Bf6 15. Nxd4
exd4 16. Bxd4 Bxh4+ 17. Bf2 Bg5 18. Be3 f5 19. Bd3 Qf6 20. f4 Bh6 21. O-O Bd7
22. Qf2 Bg7 23. e5 dxe5 24. fxe5 Qxe5 25. Bf4 Qd4 26. Bxc7 Rbc8 27. d6 Qxd3 28.
Rfd1 Qxc4 29. Nd5 Bh6 30. Kh1 Kf7 31. Nb6 Re2 32. Nxc4 Rxf2 33. Ne5+ Ke6 34. Re1
Bd2 35. Nd3+ Bxe1 36. Rxe1+ Kd5 37. Nxf2 Re8 38. Rd1+ Ke6 39. Nd3 Nf6 40. Nc5+
Kf7 41. Nxb7 Ng4 42. Rc1 Re2 43. b4 Ne5 44. Kg1 f4 45. Bb6 f3 46. Bf2 Rxf2 47.
Kxf2 Nd3+ 48. Kxf3 Nxc1 49. Nc5 Bc6+ 50. Kf4 Nxa2 51. Nxa6 Bxg2 52. Kg5 Ke6 53.
d7 Kxd7 54. Nc5+ Kd6 55. Nd3 Be4 56. Nf4 Nxb4 57. Nxh5 gxh5 58. Kxh5 Ke5 59. Kg4 0-1

[Event "Reykjavik Open 2013"]
[Site "Reykjavik ISL"]
[Date "2013.02.21"]
[Round "4.51"]
[White "Cherednichenko, Svetlana"]
[Black "Andreasen, Jakup A.R."]
[Result "1-0"]
[WhiteTitle "WGM"]
[WhiteElo "2307"]
[BlackElo "1992"]
[WhiteFideId "14105551"]
[BlackFideId "7200528"]
[EventDate "2013.02.19"]

1. d4 d5 2. Nf3 Nf6 3. e3 g6 4. c4 Bg7 5. b3 O-O 6. Bb2 b6 7. Be2 Bb7 8. O-O Na6
9. Nc3 c5 10. Rc1 dxc4 11. bxc4 e6 12. Qb3 Qe7 13. Rfd1 Rfd8 14. Ne5 Nd7 15. Nf3
Nc7 16. a4 cxd4 17. exd4 e5 18. Ba3 Qf6 19. d5 Na6 20. Ne4 Qf4 21. Qb1 f5 22.
Neg5 e4 23. Ne6 Qh6 24. Nfd4 Be5 25. h3 Re8 26. Qb5 Nac5 27. Bxc5 Nxc5 28. Nxc5
bxc5 29. Ne6 Rxe6 30. dxe6 e3 31. Qxb7 exf2+ 32. Kf1 1-0

[Event "Reykjavik Open 2013"]
[Site "Reykjavik ISL"]
[Date "2013.02.21"]
[Round "4.52"]
[White "Andreasen, Per Naesby"]
[Black "Johannsson, Orn Leo"]
[Result "1/2-1/2"]
[WhiteTitle "FM"]
[WhiteElo "2302"]
[BlackElo "1953"]
[WhiteFideId "1400886"]
[BlackFideId "2303051"]
[EventDate "2013.02.19"]

1. Nf3 e6 2. c4 d5 3. d4 Nf6 4. g3 c5 5. Bg2 Nc6 6. O-O dxc4 7. Qa4 Bd7 8. Qxc4
cxd4 9. Nxd4 Rc8 10. Nc3 Nxd4 11. Qxd4 Bc5 12. Qh4 Bc6 13. Bg5 Qd4 14. Rad1 Qxh4
15. Bxh4 Bxg2 16. Kxg2 Nd7 17. Ne4 f6 18. g4 g5 19. Bg3 e5 20. h4 h6 21. Rh1 Ke7
22. hxg5 hxg5 23. Rxh8 Rxh8 24. Rxd7+ Kxd7 25. Nxc5+ Ke7 26. f3 Rc8 27. Nd3 b6
28. Be1 Ke6 29. Bc3 Rc4 30. Nf2 b5 31. a3 Rc8 32. Ne4 Rc6 33. Kf2 Kd5 34. Ke3
Ke6 35. Kd3 Rc8 36. Ba5 Rh8 37. Bb4 Rd8+ 38. Ke3 Rc8 39. Nc3 a6 40. Ne4 Rc6 41.
Kd3 Kf7 42. Bc5 Ke6 43. Bb4 Kf7 44. Ba5 Ke7 45. Bc3 Ke6 46. Kc2 Kd5 47. Kb3 Ke6
48. Bb4 f5 49. gxf5+ Kxf5 50. Bd2 g4 51. Ng3+ Ke6 52. fxg4 Rc4 53. e4 Rc8 54.
Ne2 Rg8 55. g5 Rh8 56. Nc3 Rh2 57. Be3 Rg2 58. Bc5 Rxg5 59. Kb4 Kd7 60. Nd5 Kc6
61. Ne7+ Kb7 62. Kc3 Rg3+ 63. Kd2 Rg2+ 64. Kd3 Rxb2 65. Ng6 Kc6 66. Bb4 a5 67.
Bxa5 Rb3+ 68. Bc3 Rxa3 69. Nxe5+ Kd6 70. Kc2 Rxc3+ 71. Kxc3 Kxe5 72. Kb4 Kxe4
73. Kxb5 1/2-1/2

[Event "Reykjavik Open 2013"]
[Site "Reykjavik ISL"]
[Date "2013.02.21"]
[Round "4.54"]
[White "Mamedjarova, Turkan"]
[Black "Kuehnast, Volker"]
[Result "1-0"]
[WhiteTitle "WGM"]
[WhiteElo "2280"]
[BlackElo "1936"]
[WhiteFideId "13402005"]
[BlackFideId "24653756"]
[EventDate "2013.02.19"]

1. e4 g6 2. d4 Bg7 3. Nc3 d6 4. Be3 a6 5. Qd2 Nd7 6. O-O-O b5 7. h4 Ngf6 8. f3
h5 9. Kb1 Nb6 10. Bd3 Nc4 11. Bxc4 bxc4 12. e5 Nd7 13. f4 Nb6 14. exd6 cxd6 15.
d5 O-O 16. Bd4 Bxd4 17. Qxd4 Rb8 18. Nge2 Bg4 19. Rde1 Qd7 20. Ng3 Rb7 21. Re3
Rfb8 22. Rf1 Na4 23. Nxa4 Qxa4 24. Rb3 Rb4 25. Rxb4 Rxb4 26. f5 c3 27. Qxc3 Rf4
28. fxg6 Rxf1+ 29. Nxf1 fxg6 30. Ne3 Qe4 31. Qd3 Qxd3 32. cxd3 Bc8 33. Kc2 Kf7
34. Kc3 e6 35. a4 exd5 36. d4 Bb7 37. Kb4 Kf6 38. Ka5 Bc6 39. b3 g5 40. g3 1-0

[Event "Reykjavik Open 2013"]
[Site "Reykjavik ISL"]
[Date "2013.02.21"]
[Round "4.55"]
[White "Rodriguez Fonseca, Jorge"]
[Black "Wahlbom, Magnus"]
[Result "1-0"]
[WhiteElo "2009"]
[BlackElo "2279"]
[WhiteFideId "2224658"]
[BlackFideId "1700685"]
[EventDate "2013.02.19"]

1. e4 e6 2. Nc3 d5 3. e5 c5 4. d3 Nc6 5. f4 Nh6 6. Nf3 Nf5 7. Ne2 f6 8. c3 Be7
9. g4 Nh6 10. exf6 gxf6 11. g5 Nf7 12. h4 Qd6 13. d4 Bd7 14. Be3 cxd4 15. Nexd4
Nxd4 16. Nxd4 a6 17. Qh5 e5 18. fxe5 fxe5 19. Nb3 Qg6 20. Qf3 Bf5 21. Rh2 O-O-O
22. Rf2 Be6 23. Nc5 Bxc5 24. Bxc5 Nd6 25. Bxd6 Rxd6 26. Qe3 Bd7 27. O-O-O Re8
28. Qc5+ Bc6 29. Bh3+ Kb8 30. Bf5 1-0

[Event "Reykjavik Open 2013"]
[Site "Reykjavik ISL"]
[Date "2013.02.21"]
[Round "4.56"]
[White "Ekeberg, Carl Fredrik"]
[Black "Johannsdottir, Johanna Bjorg"]
[Result "1-0"]
[WhiteTitle "FM"]
[WhiteElo "2274"]
[BlackElo "1872"]
[WhiteFideId "1502654"]
[BlackFideId "2303108"]
[EventDate "2013.02.19"]

1. d4 d5 2. c4 c6 3. Nf3 Nf6 4. e3 e6 5. b3 Nbd7 6. Bb2 Bd6 7. Bd3 O-O 8. O-O
Qc7 9. Nbd2 Re8 10. c5 Bf8 11. e4 dxe4 12. Nxe4 Nxe4 13. Bxe4 Nf6 14. Bd3 g6 15.
Ne5 b6 16. Rc1 Bb7 17. Qf3 Nd5 18. Rfe1 Rac8 19. a3 Bg7 20. b4 b5 21. a4 Qe7 22.
g3 h5 23. Rc2 Qf6 24. Qe2 Bh6 25. Be4 Ra8 26. Rd1 Re7 27. Rd3 Rc7 28. Rf3 Qg7
29. Bc3 Rd8 30. Bd2 Bxd2 31. Rxd2 Re7 32. Rd1 Qh6 33. Qc2 Kg7 34. Kg2 Rc7 35.
Qe2 Ra8 36. Bxd5 exd5 37. Nxf7 Rxf7 38. Qe5+ Kg8 39. Rxf7 Kxf7 40. Qc7+ Kg8 41.
Qxb7 Qf8 42. Qxc6 Qf3+ 1-0

[Event "Reykjavik Open 2013"]
[Site "Reykjavik ISL"]
[Date "2013.02.21"]
[Round "4.57"]
[White "Gunnarsson, Sigurdur Jon"]
[Black "Steindorsson, Sigurdur P."]
[Result "0-1"]
[WhiteElo "2000"]
[BlackElo "2235"]
[WhiteFideId "2308312"]
[BlackFideId "2301229"]
[EventDate "2013.02.19"]

1. e4 d5 2. exd5 Qxd5 3. d4 e5 4. dxe5 Qxd1+ 5. Kxd1 Nc6 6. f4 Bf5 7. c3 O-O-O+
8. Ke1 Nh6 9. Be2 Bc5 10. h3 Be4 11. b4 Bb6 12. Nf3 Nf5 13. g4 Ne3 14. Na3 Ng2+
15. Kf1 Nh4 16. Nxh4 Bxh1 17. Nc4 Ne7 18. Nxb6+ axb6 19. Ng2 Nd5 20. Kg1 Nxc3
21. Bf3 Rd3 22. Kf2 Rhd8 23. Ne1 Bxf3 24. Nxf3 Rd1 25. f5 Rh1 26. Bb2 Rxa1 27.
Bxa1 Nxa2 28. Ng5 Rd7 29. Nxh7 Nxb4 30. Nf8 Rd8 31. e6 f6 32. g5 Rxf8 33. gxf6
gxf6 34. e7 Re8 35. Bxf6 Nd5 36. Bg5 Nxe7 37. f6 Nd5 0-1

[Event "Reykjavik Open 2013"]
[Site "Reykjavik ISL"]
[Date "2013.02.21"]
[Round "4.58"]
[White "Ofstad, Sigurd"]
[Black "Halldorsson, Jon Arni"]
[Result "1-0"]
[WhiteElo "1985"]
[BlackElo "2222"]
[WhiteFideId "1507729"]
[BlackFideId "2301075"]
[EventDate "2013.02.19"]

1. f4 d5 2. Nf3 Nf6 3. g3 c6 4. Bg2 Qb6 5. e3 g6 6. O-O Bg7 7. Kh1 O-O 8. Nc3
Re8 9. d3 Nbd7 10. e4 dxe4 11. dxe4 e5 12. f5 h6 13. Rb1 Kh7 14. Qe2 Qb4 15. a3
Qe7 16. b4 b5 17. Nd1 a5 18. Nf2 axb4 19. axb4 c5 20. g4 gxf5 21. g5 hxg5 22.
Nxg5+ Kg8 23. exf5 Ra2 24. Nfe4 cxb4 25. Rg1 Bb7 26. Rb3 Rc8 27. Bb2 Kf8 28. Qd1
Nxe4 29. Nxe4 Nf6 30. Nxf6 Bxg2+ 31. Rxg2 Qxf6 32. Qb1 Ra4 33. Rh3 1-0

[Event "Reykjavik Open 2013"]
[Site "Reykjavik ISL"]
[Date "2013.02.21"]
[Round "4.59"]
[White "Omarsson, Dadi"]
[Black "Herda, Christoph"]
[Result "1-0"]
[WhiteElo "2212"]
[BlackElo "1915"]
[WhiteFideId "2302772"]
[BlackFideId "24623369"]
[EventDate "2013.02.19"]

1. e4 d5 2. exd5 Qxd5 3. Nf3 Bg4 4. Be2 Nc6 5. d4 O-O-O 6. Be3 Qa5+ 7. c3 Nf6 8.
Nbd2 Qf5 9. h3 Bxf3 10. Bxf3 Qd7 11. Nc4 Qe6 12. Qa4 Nd5 13. O-O Nxe3 14. fxe3
f6 15. Bg4 1-0

[Event "Reykjavik Open 2013"]
[Site "Reykjavik ISL"]
[Date "2013.02.21"]
[Round "4.60"]
[White "Newrkla, Alexander"]
[Black "Valenti, Giuseppe"]
[Result "0-1"]
[BlackTitle "FM"]
[WhiteElo "1969"]
[BlackElo "2204"]
[WhiteFideId "1610830"]
[BlackFideId "801119"]
[EventDate "2013.02.19"]

1. e4 c5 2. d4 cxd4 3. c3 Nf6 4. e5 Nd5 5. cxd4 Nc6 6. Nc3 Nxc3 7. bxc3 d6 8.
exd6 e6 9. Nf3 Bxd6 10. Bd3 Be7 11. O-O O-O 12. Re1 Qa5 13. Bd2 Bf6 14. Qe2 g6
15. Ne5 Nxe5 16. dxe5 Bg7 17. c4 Qc7 18. Bb4 Rd8 19. Bd6 Rxd6 20. exd6 Qxd6 21.
Rad1 Qc7 22. Qd2 Bf6 23. Bf1 Be7 24. g3 a5 25. Qd4 Ra6 26. Bg2 Rd6 27. Qe4 Rc6
28. Rc1 Rc5 29. Qb1 b6 30. Red1 Ba6 31. Bf1 Bb7 32. Bg2 Ba6 33. Bf1 Bg5 34. f4
Be7 35. Qd3 Rh5 36. Qd7 Qc5+ 37. Kh1 Qf2 0-1

[Event "Reykjavik Open 2013"]
[Site "Reykjavik ISL"]
[Date "2013.02.21"]
[Round "4.61"]
[White "Leimeister, Winfried"]
[Black "Bergsson, Stefan"]
[Result "1-0"]
[WhiteElo "1909"]
[BlackElo "2180"]
[WhiteFideId "24653721"]
[BlackFideId "2301393"]
[EventDate "2013.02.19"]

1. d3 b5 2. Nf3 Bb7 3. Nbd2 g5 4. Nxg5 e5 5. Ngf3 Qf6 6. Ne4 Qg7 7. Qd2 h6 8.
Qa5 Na6 9. Qxb5 O-O-O 10. Bd2 d5 11. Ng3 Ne7 12. e4 Nc6 13. exd5 Ncb4 14. Bxb4
Nxb4 15. Qa4 e4 16. a3 Qxb2 17. axb4 exf3 18. gxf3 Bxb4+ 19. Ke2 a5 20. Bh3+ Kb8
21. Rhb1 Qd4 22. c4 Rde8+ 23. Ne4 Rhg8 24. Rxb4 axb4 25. Rb1 Qc3 26. Rxb4 f5 27.
Bxf5 Rxe4+ 28. Bxe4 Rg1 29. Rxb7+ Kxb7 30. d6+ Kc8 31. Qe8# 1-0

[Event "Reykjavik Open 2013"]
[Site "Reykjavik ISL"]
[Date "2013.02.21"]
[Round "4.62"]
[White "Roberts, Lynda"]
[Black "Ingvason, Johann"]
[Result "1-0"]
[WhiteTitle "WC"]
[WhiteElo "1903"]
[BlackElo "2148"]
[WhiteFideId "1800191"]
[BlackFideId "2301431"]
[EventDate "2013.02.19"]

1. e4 e6 2. d3 d5 3. Nd2 c6 4. Ngf3 Bd6 5. g3 Nd7 6. Bg2 Ngf6 7. O-O h5 8. h4
Ng4 9. Ng5 Qb6 10. exd5 cxd5 11. Qf3 Nde5 12. Qe2 f6 13. Nh3 Bd7 14. a4 Rc8 15.
Nb3 Ng6 16. a5 Qc7 17. Bxd5 Bxg3 18. Bxe6 Bxe6 19. Qxe6+ Ne7 20. Nd4 g6 21. Ra4
Bxh4 22. Bf4 Qd7 23. Qxd7+ Kxd7 24. Rb4 Rhd8 25. Rxb7+ Ke8 26. Re1 Rd7 27. a6
Ne5 28. Bxe5 fxe5 29. Nf3 Bf6 30. Nxe5 Rxb7 31. axb7 Rb8 32. Nxg6 Rxb7 33. Nxe7
Bxe7 34. b3 Kf7 35. Kg2 Rc7 36. Re2 Rc3 37. Nf4 Rc5 38. c4 Rg5+ 39. Kh3 Rf5 40.
Nd5 Bc5 41. f4 Kg7 42. Re5 Rxe5 43. fxe5 Kf7 44. Nf4 Bd4 45. Nxh5 Bxe5 46. Kg4
Ke6 47. Nf4+ Kd6 48. Kf5 Bc3 49. Nd5 Be1 50. Ke4 a5 51. d4 Bh4 52. Ne3 Bf2 53.
c5+ Kc6 54. Nc4 Be1 1-0

[Event "Reykjavik Open 2013"]
[Site "Reykjavik ISL"]
[Date "2013.02.21"]
[Round "4.63"]
[White "Maack, Kjartan"]
[Black "Birgisdottir, Ingibjorg"]
[Result "1-0"]
[WhiteElo "2136"]
[BlackElo "1783"]
[WhiteFideId "2301806"]
[BlackFideId "2309424"]
[EventDate "2013.02.19"]

1. c4 e5 2. g3 Nc6 3. Bg2 f5 4. Nc3 Nf6 5. d3 Be7 6. a3 d6 7. b4 a6 8. e3 O-O 9.
Nge2 Qe8 10. Nd5 Nxd5 11. cxd5 Nd8 12. O-O Bd7 13. Bb2 Rc8 14. Rc1 c6 15. Qb3
Kh8 16. f4 Bf6 17. fxe5 dxe5 18. Nc3 cxd5 19. Nxd5 Rxc1 20. Rxc1 Bc6 21. Nc7 Qd7
22. Bxc6 Nxc6 23. Ne6 Qf7 24. Qc4 Re8 25. Nc5 Qxc4 26. Rxc4 Re7 27. Nxb7 Na7 28.
Nc5 Kg8 29. Nxa6 Nb5 30. a4 Nd6 31. Rc7 1-0

[Event "Reykjavik Open 2013"]
[Site "Reykjavik ISL"]
[Date "2013.02.21"]
[Round "4.64"]
[White "Newrkla, Katharina"]
[Black "Hauksdottir, Hrund"]
[Result "1-0"]
[WhiteTitle "WF"]
[WhiteElo "2135"]
[BlackElo "1671"]
[WhiteFideId "1621629"]
[BlackFideId "2302608"]
[EventDate "2013.02.19"]

1. e4 e5 2. Nf3 Nc6 3. Bb5 a6 4. Ba4 b5 5. Bb3 Bc5 6. c3 d6 7. d4 exd4 8. cxd4
Bb6 9. Ng5 Nh6 10. Bd5 Bd7 11. O-O O-O 12. Nf3 Qf6 13. Bg5 Qg6 14. Nc3 Rae8 15.
Ne2 Rxe4 16. Bxe4 Qxe4 17. Nc3 Qg4 18. h3 Qh5 19. Nd5 Qg6 20. Rc1 Qe4 21. Nxb6
cxb6 22. Re1 Qd5 23. Qb3 Qf5 24. d5 Na5 25. Qd1 Nc4 26. Qd4 f6 27. Bxh6 gxh6 28.
Re7 Ne5 29. Rxe5 fxe5 30. Qg4+ 1-0

[Event "Reykjavik Open 2013"]
[Site "Reykjavik ISL"]
[Date "2013.02.21"]
[Round "4.65"]
[White "Fivelstad, Jon Olav"]
[Black "Bjarnason, Saevar"]
[Result "0-1"]
[BlackTitle "IM"]
[WhiteElo "1888"]
[BlackElo "2133"]
[WhiteFideId "1510339"]
[BlackFideId "2300176"]
[EventDate "2013.02.19"]

1. c4 g6 2. g3 Bg7 3. Bg2 Nf6 4. d4 O-O 5. Nf3 d6 6. O-O Nc6 7. b3 a6 8. Bb2 Rb8
9. Nbd2 b5 10. Rc1 Bd7 11. Ba1 Re8 12. d5 Na5 13. e4 bxc4 14. bxc4 e5 15. Ne1 c6
16. Nc2 cxd5 17. exd5 Ba4 18. Qe2 Nd7 19. Ne4 Bxc2 20. Rxc2 Nb7 21. Nxd6 Nxd6
22. c5 Nb5 23. a4 Nd4 24. Bxd4 exd4 25. Qxa6 Ne5 26. d6 Qf6 27. Re2 Nd7 28.
Rxe8+ Rxe8 29. Qb5 Qf5 30. c6 Qxb5 31. axb5 Nb6 32. d7 Rf8 33. Re1 Bf6 34. Re8
Bd8 35. Kf1 Bc7 36. Ke1 f5 37. f4 Kf7 38. Re2 Ra8 39. Rd2 Ra4 40. Ke2 Rb4 41.
Kd3 Na4 42. Re2 Nc5+ 43. Kd2 Rb2+ 44. Kd1 Rb1+ 0-1

[Event "Reykjavik Open 2013"]
[Site "Reykjavik ISL"]
[Date "2013.02.21"]
[Round "4.66"]
[White "Eliasson, Kristjan Orn"]
[Black "Palsson, Halldor"]
[Result "1/2-1/2"]
[WhiteElo "1873"]
[BlackElo "2078"]
[WhiteFideId "2301784"]
[BlackFideId "2301202"]
[EventDate "2013.02.19"]

1. e4 e5 2. Nf3 d6 3. d4 Nd7 4. c3 Ngf6 5. Bd3 Be7 6. h3 O-O 7. Be3 c6 8. Nbd2
Qc7 9. Qc2 Re8 10. dxe5 Nxe5 11. Nxe5 dxe5 12. g4 Rd8 13. O-O-O b5 14. Kb1 Be6
15. Be2 Nd7 16. h4 Rab8 17. g5 a5 18. h5 Bc5 19. Bxc5 Nxc5 20. g6 h6 21. gxf7+
Qxf7 22. c4 Qxf2 23. Nf3 Rxd1+ 24. Rxd1 bxc4 25. Nxe5 c3 26. Rf1 Qg2 27. Ng6
Qxf1+ 28. Bxf1 Rxb2+ 29. Qxb2 cxb2 30. Ne7+ Kf7 31. Nxc6 Nxe4 32. Kxb2 a4 33.
Bb5 Nc5 34. Nd8+ Ke7 35. Nxe6 Nxe6 36. Bxa4 Nf4 37. Bd1 g5 38. hxg6 Nxg6 39. a4
Kd6 40. Kc3 Kc5 41. Be2 1/2-1/2

[Event "Reykjavik Open 2013"]
[Site "Reykjavik ISL"]
[Date "2013.02.21"]
[Round "4.68"]
[White "Finnbogadottir, Tinna Kristin"]
[Black "Malmdin, Nils-Ake"]
[Result "1/2-1/2"]
[BlackTitle "FM"]
[WhiteElo "1871"]
[BlackElo "2281"]
[WhiteFideId "2300214"]
[BlackFideId "1701584"]
[EventDate "2013.02.19"]

1. e4 c5 2. c3 d6 3. d4 Nf6 4. Bd3 g6 5. Nf3 Bg7 6. h3 O-O 7. O-O Nc6 8. d5 Nb8
9. c4 e6 10. Nc3 a6 11. a4 e5 12. Be3 h6 13. Qd2 Kh7 14. Nh2 b6 15. f4 exf4 16.
Bxf4 Nh5 17. Be3 Ra7 18. Rf3 Nd7 19. Ng4 Ne5 20. Nxe5 dxe5 21. Raf1 Qd6 22. Qf2
Nf4 23. Bc2 Rc7 24. Ne2 Nxe2+ 1/2-1/2

[Event "Reykjavik Open 2013"]
[Site "Reykjavik ISL"]
[Date "2013.02.21"]
[Round "4.70"]
[White "Bergthorsson, Jon Thor"]
[Black "Ingason, Sigurdur"]
[Result "1-0"]
[WhiteElo "2125"]
[BlackElo "1878"]
[WhiteFideId "2302829"]
[BlackFideId "2301709"]
[EventDate "2013.02.19"]

1. e4 e6 2. d4 d5 3. Nd2 dxe4 4. Nxe4 Bd7 5. Nf3 Bc6 6. Bd3 Nd7 7. O-O Ngf6 8.
Qe2 Nxe4 9. Bxe4 Bxe4 10. Qxe4 c6 11. Re1 Be7 12. c3 Nf6 13. Qe2 Qa5 14. Ne5 O-O
15. Bg5 Qd8 16. Rad1 Nd7 17. Bxe7 Qxe7 18. Rd3 Rad8 19. Rg3 Nxe5 20. Qxe5 g6 21.
a3 Rd5 22. Qe4 Qf6 23. b4 Rf5 24. Qe2 Rd8 25. Re3 Kg7 26. g3 Rfd5 27. f4 h5 28.
Re5 h4 29. Kg2 hxg3 30. hxg3 Rh8 31. Rh1 Rxh1 32. Kxh1 Rd8 33. Kg2 Rd7 34. a4
Rd5 35. Qe4 Rxe5 36. dxe5 Qd8 37. Qd4 Qd5+ 38. Qxd5 exd5 39. Kf3 Kf8 40. g4 Ke7
41. Ke3 Ke6 42. Kd4 b6 43. a5 c5+ 44. bxc5 bxa5 45. c6 a4 46. c4 dxc4 47. Kxc4
a3 48. Kb3 a2 49. Kxa2 Ke7 50. f5 gxf5 51. gxf5 1-0

[Event "Reykjavik Open 2013"]
[Site "Reykjavik ISL"]
[Date "2013.02.21"]
[Round "4.71"]
[White "Hardarson, Jon Trausti"]
[Black "Mihajlov, Svetoslav"]
[Result "1-0"]
[WhiteElo "1853"]
[BlackElo "2071"]
[WhiteFideId "2302594"]
[BlackFideId "1507168"]
[EventDate "2013.02.19"]

1. e4 e5 2. Nf3 Nc6 3. Bc4 Bc5 4. c3 Nf6 5. d3 O-O 6. Bb3 d5 7. Qe2 dxe4 8. dxe4
Nh5 9. O-O Nf4 10. Bxf4 exf4 11. e5 Qe7 12. Qe4 Be6 13. Bc2 g6 14. Qxf4 f6 15.
exf6 Rxf6 16. Qg5 Bc4 17. Bb3 Bxb3 18. axb3 a6 19. Nbd2 Qf8 20. Qd5+ Kh8 21. Ne4
Rf5 22. Qc4 Bb6 23. Ng3 Na5 24. Qe2 Re8 25. Qc2 Rb5 26. c4 Rc5 27. Ne4 Rc6 28.
Kh1 Qb4 29. Nfd2 Bc5 30. Ra4 Qb6 31. Nxc5 Rxc5 32. b4 Rce5 33. bxa5 Qe6 34. Nf3
Re2 35. Qc3+ Kg8 36. c5 Qc6 37. Raa1 R2e4 38. Rae1 Qb5 39. Nd4 Qa4 40. Rxe4 Rxe4 1-0